Quizzes
Events
Quiz Creation
Community
Videos
Private Events
Remove Ads
Sign In
Join for FREE
Feedback
Dark Mode
Quiz Categories
Sports
Geography
Music
Movies
Television
Just For Fun
Miscellaneous
History
Literature
Language
Science
Gaming
Entertainment
Religion
Holiday
For Kids
Quiz Lab
Recent
Popular Today
Quiz Kudos Today
Editor Picks
Curator Picks
Quizzes by...
Day
Popularity
Type
Ratings
Length
Year
Community
Subscriptions
Recent Discussions
Orange Saloon
Badges
Playlists
Quests
Create
Leaderboards
Showdown
Live 5
Trivia Bingo
Activity
Puzzle Library
Sporcle Events
Private Events
Virtual Trivia
Globe League
Become a Host
Pub Owners
SporcleCon
Opinionation
Our Games
Videos
Blog
Mobile Apps
Partnerships
Remove Ads and Go Orange
Feedback
Music
Pop Music
The Beatles
Song
Album
Lyrics
Bands
Singers
Artist
Clip
Rock
Rap
Classical
Billboard
Country Music
Kpop
Taylor Swift
Music
Pop Music
The Beatles
Song
Album
Lyrics
Bands
Singers
Artist
Clip
Rock
Rap
Classical
Billboard
Country Music
Kpop
Taylor Swift
Random Quiz
Search Sporcle
×
Quiz Lab
Quiz Lab
Music
German
Type in answers that appear in a list
Type in answers that appear in a list
Classic
Best Score? Go Orange.
Rammstein Songs by Album Stats
Can you name the Rammstein Songs by Album?
By
Skyinflames
10m
66 Questions
89 Plays
89 Plays
89 Plays
Comments
Comments
Give Quiz Kudos
Give Quiz Kudos
-
- Ratings
hide this ad
Replay
Link that replays current quiz
Next Quiz
Link to next quiz in quiz playlist
You Got
0%
They Got
Avg Score
71%
Avg Friend Score
Upgrade to see
Score Distribution
Jump to the score distribution portion of the page
Score
0/66
Timer
10:00
0
Plays Today
% Correct
Mutter
95.4%
Du hast
94.3%
Sehnsucht
93.1%
Reise, Reise
93.1%
Sonne
89.7%
Rosenrot
89.7%
Herzeleid
86.2%
Rammstein
83.9%
Engel
82.8%
Links 2 3 4
82.8%
Ich will
82.8%
Mein Teil
81.6%
Benzin
81.6%
Pussy
81.6%
Liebe ist für alle da
80.5%
Seemann
78.2%
Du riechst so gut
78.2%
Bück dich
78.2%
Feuer frei
77%
Mein Herz brennt
75.9%
Keine Lust
75.9%
Amerika
75.9%
Moskau
74.7%
Ohne dich
74.7%
Spieluhr
73.6%
Dalai Lama
73.6%
Klavier
72.4%
Los
72.4%
Ich tu dir weh
72.4%
Asche zu Asche
71.3%
Heirate mich
71.3%
Nebel
71.3%
Mann gegen Mann
71.3%
% Correct
Spiel mit mir
70.1%
Zwitter
70.1%
Adios
70.1%
Wollt ihr das Bett in Flammen sehen?
69%
Rammlied
69%
Weißes Fleisch
66.7%
Bestrafe mich
66.7%
Morgenstern
66.7%
Stein um Stein
66.7%
Haifisch
66.7%
Tier
65.5%
Eifersucht
65.5%
Küss mich (Fellfrosch)
65.5%
Laichzeit
63.2%
Alter Mann
63.2%
Rein raus
63.2%
Te quiero puta!
63.2%
Feuer und Wasser
63.2%
B********
63.2%
Spring
62.1%
Roter Sand
62.1%
Amour
60.9%
Waidmanns heil
60.9%
Wo bist du
59.8%
Stirb nicht vor mir/Don't Die Before I Do
59.8%
Das Alte Leid
58.6%
Hilf mir
58.6%
Der Meister
57.5%
Fruhling in Paris
57.5%
Mehr
56.3%
Ein Lied
55.2%
Wiener Blut
52.9%
Zerstoren
51.7%
Quiz Playlist
Details
Report
Send in Message
Add To Playlist
Classic:
Type in answers that appear in a list
Last Updated: Feb 16, 2017
Quiz Scoreboard
CHALLENGE
Sign Up to Join the Scoreboard
Show All
Scores
Hide
Comments
May contain spoilers
Recently Published
Movies - When Are They Set?
by FPL_Elf
Movies
5m
Popular People in 1961
by mucciniale
History
6m
1-10 Letter E Words III
by El_Dandy
Language
2m
More to Explore
Quiz From the Vault
Featured Blog Post
Where Did the Easter Bunny Come From?
hide this ad
You Might Also Like...
Tags
Album Quiz
German Quiz
1995
1997
2001
2004
2005
2009
Germany
Metal Bands
rammstein
Rammstein Songs
Today's Top Quizzes in Music
Browse Music
hide this ad
Today's Top Quizzes in German
Browse German
Top Contributed Quizzes in Music
1
Taylor Swift All Songs (2024)
2
2010s Album by Cover III
3
One Thing in Common: Music
4
Guess the Artist- 70s Songs
5
Taylor Swift Logic Puzzle
6
Guess the Taylor Swift song (Mystery Song)
7
2010s Album by Cover IV
8
2010s Album by Cover V
9
KPOP LOGIC QUIZ
10
2010s Album by Cover VI
Explore More
Trending Topics
Disney
Harry Potter
Crossword
NBA
Kpop
Anime
Marvel
Puzzle
Country
WWE
Pokémon
Song
The Office
Soccer
NFL
hide this ad
More By:
Skyinflames
Quiz
Plays
Rating
Category
Featured
Created
Slipknot Songs by Album
889
Music
Jan 5, 2011
Tool Songs by Album
448
3.00
Music
Jan 5, 2011
Stone Sour Songs by Album
240
5.00
Music
Jan 22, 2011
Metallica Songs by Album
199
Music
Jan 8, 2011
Korn Songs by Album
151
Music
Jan 11, 2011
Go to Creator's Profile
Score Distribution
Quiz Creator Spotlight
Skyinflames
Follow
Send a Message
Quizzes Created
-
Created Quiz Play Count
-
More By This Creator
Popular Quizzes Today
1
Find the Countries of Europe - No Outlines Minefield
2
Find the US States - No Outlines Minefield
3
The Countries of the World
4
Popular People in 1961
5
1-10 Letter E Words III
6
US States
7
Find the US States
8
One Thing in Common: World Cities II
More Music Quizzes
Guess The 2010s Album by Cover
Curator's Pick
Trending Quizzes
Risky Map Clicking: Least Populous States A-Z
Humor Books: The Subtitles
1-10 Letter F Words
1-10 Letter G Words
One Thing in Common: United Kingdom
Recently Updated
Leaping Animals
pecheneg
Reality TV Shows (A-Z)
bhenderson79
Rickey Henderson's Hall of Fame Teammates
pecheneg
Champions League XIs: Arsenal
pecheneg
Quick Pick: Celebrities in WWE's Hall of Fame
aduchscher
A-Z Keypad Blitz II
pecheneg
Multiple Oscar Actors
pecheneg
Mystery Phrase Blitz: Oscar 'Best Actors'
pecheneg
F. Scott Fitzgerald Novels
LTH
Pick 3 Villains
ddd62291
Trending Topics
Disney
Crossword
Kpop
Anime
Harry Potter
Marvel
NBA
Puzzle
Pokémon
Soccer
NFL
Song
The Office
WWE
Country
Your Account Isn't Verified!
In order to create a playlist on Sporcle, you need to verify the email address you used during registration. Go to your
Sporcle Settings
to finish the process.
Report this User
Report this user for behavior that violates our
Community Guidelines
.
Details:
Send Report
Go to the Sporcle.com Mobile Site →
Comments